|
|
|
|
| LEADER |
00000nam0a2200000 4500 |
| 001 |
358433 |
| 005 |
20231102011107.0 |
| 035 |
|
|
|a (RuTPU)RU\TPU\retro\15701
|
| 090 |
|
|
|a 358433
|
| 100 |
|
|
|a 20200817d1908 km y0rusy50 ca
|
| 101 |
0 |
|
|a rus
|
| 102 |
|
|
|a UA
|
| 105 |
|
|
|a af z 001zy
|
| 200 |
1 |
|
|a Разбор систем разработок каменного угля
|e применяемых на рудниках юга России,в связи с подготовкой месторождения к очистной добыче
|f А. М. Терпигорев
|
| 210 |
|
|
|a Харьков
|c Паровая Типография и Литография М. Зильберберг и С-ья
|d 1905
|
| 215 |
|
|
|a 514 с.
|c ил.
|e Прилож.: 11 вкл. л
|
| 300 |
|
|
|a Текст в русской дореформенной орфографии
|
| 320 |
|
|
|a Библиогр.: с. 510-512
|
| 606 |
1 |
|
|a Угледобыча
|x Системы разработки
|x Открытый способ
|x Гидромеханизация
|2 stltpush
|3 (RuTPU)RU\TPU\subj\62330
|9 79410
|
| 606 |
1 |
|
|a Угледобыча
|x Системы разработки
|x Подземный способ
|x Горно-геологические условия
|2 stltpush
|3 (RuTPU)RU\TPU\subj\62331
|9 79411
|
| 610 |
1 |
|
|a каменный уголь
|
| 610 |
1 |
|
|a каменоугольные системы
|
| 610 |
1 |
|
|a рудники
|
| 610 |
1 |
|
|a очистные выработки
|
| 610 |
1 |
|
|a Юг России
|
| 610 |
1 |
|
|a коллекция Л. Л. Тове
|
| 610 |
1 |
|
|a выемки
|
| 610 |
1 |
|
|a угольные пласты
|
| 610 |
1 |
|
|a мощные пласты
|
| 610 |
1 |
|
|a потери
|
| 675 |
|
|
|a 622.333:622.271
|v 4
|
| 675 |
|
|
|a 622.333:622.272
|v 4
|
| 700 |
|
1 |
|a Терпигорев
|b А. М.
|c горный инженер
|c директор Московского горного института (1933-1936)
|c академик АН СССР (1935)
|f 1873-1959
|g Александр Митрофанович
|2 stltpush
|3 (RuTPU)RU\TPU\pers\23918
|9 10562
|
| 801 |
|
1 |
|a RU
|b 63413507
|c 20200817
|
| 801 |
|
2 |
|a RU
|b 63413507
|c 20201019
|g RCR
|
| 942 |
|
|
|c BK
|